| 000 | 00354pam a2200133 a 4500 | ||
|---|---|---|---|
| 020 | _c | ||
| 041 | _h | ||
| 082 |
_a050 _bLOH |
||
| 100 |
_aLohman J .R , _eAuthor . |
||
| 245 |
_aJournal of Engineering Education Vol 99 , No 1-4 , _hBound Volumes |
||
| 260 |
_a[s.l]: _bAmerican Society For Engg Edu , _c2010. |
||
| 300 |
_a0: _bHb; _c28*20. |
||
| 930 | _a15745 | ||
| 999 |
_c58966 _d58966 |
||